ARRUPE JESUIT UNIVERSITY

CORONAVIRUS -STOP THE SPREAD - CLEAN,DISINFECT,COVER

History of West Africa since 1800 / (Record no. 1495)

MARC details
000 -LEADER
fixed length control field 00867pam a2200253 i 4500
001 - CONTROL NUMBER
control field 4138144
005 - DATE AND TIME OF LATEST TRANSACTION
control field 20170504115226.0
008 - FIXED-LENGTH DATA ELEMENTS--GENERAL INFORMATION
fixed length control field 770317s1977 nyua b 001 0 eng
010 ## - LIBRARY OF CONGRESS CONTROL NUMBER
LC control number 77004393
020 ## - INTERNATIONAL STANDARD BOOK NUMBER
International Standard Book Number 0841903115.
-- 0841903123
040 ## - CATALOGING SOURCE
Original cataloging agency DLC
Transcribing agency DLC
Modifying agency DLC
043 ## - GEOGRAPHIC AREA CODE
Geographic area code fw-----
050 00 - LIBRARY OF CONGRESS CALL NUMBER
Classification number DT476.2
Item number .I84 1977
082 00 - DEWEY DECIMAL CLASSIFICATION NUMBER
Classification number 966
100 1# - MAIN ENTRY--PERSONAL NAME
Personal name Isichei, Elizabeth Allo.
9 (RLIN) 8973
245 10 - TITLE STATEMENT
Title History of West Africa since 1800 /
Statement of responsibility, etc Elizabeth Isichei.
260 ## - PUBLICATION, DISTRIBUTION, ETC. (IMPRINT)
Place of publication, distribution, etc New York :
Name of publisher, distributor, etc Africana Pub. Co.,
Date of publication, distribution, etc 1977.
300 ## - PHYSICAL DESCRIPTION
Extent xii, 380 p. :
Other physical details ill. ;
Dimensions 23 cm.
504 ## - BIBLIOGRAPHY, ETC. NOTE
Bibliography, etc Includes bibliographical references and index.
651 #0 - SUBJECT ADDED ENTRY--GEOGRAPHIC NAME
Geographic name Africa, West
General subdivision History.
9 (RLIN) 17637
906 ## - LOCAL DATA ELEMENT F, LDF (RLIN)
a 7
b cbc
c orignew
d 1
e ocip
f 19
g y-gencatlg
942 ## - ADDED ENTRY ELEMENTS (KOHA)
Source of classification or shelving scheme Library of Congress Classification
Item type Monograph ( Printed materials)
Holdings
Withdrawn status Lost status Source of classification or shelving scheme Damaged status Not for loan Collection code Home library Current library Shelving location Date acquired Total Checkouts Full call number Barcode Date last seen Date last borrowed Copy number Price effective from Koha item type
    Library of Congress Classification     Main Collection ARRUPE LIBRARY ARRUPE LIBRARY   27/02/2013 4 DT476.2I84 1977 46402387 07/12/2017 16/08/2017 1 27/02/2013 Monograph ( Printed materials)

 

Arrupe Library. PO Box MP320 Mt Pleasant, Harare, Zimbabwe
263 242 745411|librarian@aju.ac.zw